[Event "ROM-ch U10 Girls"]
[Site "Voineasa"]
[Date "2008.04.13"]
[Round "2"]
[White "Tufis, Miruna Iulia"]
[Black "Munteanu, Ariadna"]
[Result "1-0"]
[WhiteElo "431"]
[BlackElo "401"]
[PlyCount "101"]
[EventDate "2008.04.08"]
[EventType "swiss"]
[EventRounds "9"]
[EventCountry "ROU"]
[SourceTitle "EXT 2013"]
[Source "ChessBase"]
[SourceDate "2012.11.22"]
[SourceVersion "1"]
[SourceVersionDate "2012.11.22"]
[SourceQuality "1"]

1. e4 d5 2. exd5 Qxd5 3. Nc3 Qe6+ 4. Qe2 Qxe2+ 5. Bxe2 e6 6. Nf3 Bb4 7. Nb5 Na6 8. Nc3 Bxc3 9. dxc3 Nf6 10. 0-0 0-0 11. Bg5 Ne4 12. Bd3 Nec5 13. Be7 Re8 14. Bxc5 Nxc5 15. b4 Na4 16. Bb5 c6 17. Bxa4 b5 18. Bb3 e5 19. a4 e4 20. Ng5 Re5 21. Nxf7 Rh5 22. Nd6+ Kf8 23. Nxe4 Bf5 24. Ng3 Rg5 25. Nxf5 Rxf5 26. Rfd1 Re8 27. Re1 Rxe1+ 28. Rxe1 a6 29. a5 c5 30. Be6 Rf6 31. bxc5 g5 32. c6 Ke7 33. Bc8+ Kd8 34. Bxa6 Rxc6 35. Bxb5 Rxc3 36. Ra1 Rxc2 37. a6 Rc5 38. Bd3 Rc3 39. a7 Rxd3 40. a8Q+ Kd7 41. f3 h5 42. Qb7+ Kd6 43. Ra6+ Ke5 44. Qb5+ Rd5 45. Qe8+ Kd4 46. Qe4+ Kc5 47. Ra5+ Kd6 48. Qxd5+ Ke7 49. Qc6 g4 50. Ra7+ Kd8 51. Qa8# 1-0